| 000 | 01801nam a22002657a 4500 | ||
|---|---|---|---|
| 999 |
_c60815 _d60815 |
||
| 003 | Ge_BSU | ||
| 005 | 20231025102525.0 | ||
| 008 | 231024s2022ge xxu||||| |||| 00| 0 geo d | ||
| 020 | _a9789941488580 | ||
| 041 | _ageo | ||
| 080 | _a821.353.1-91-1(075.8) შ-67 | ||
| 100 |
_aშიოშვილი,თინა _920231 _4ავტორი |
||
| 245 |
_aქართული ზეპირსიტყვიერება / _cთინა შიოშვილი, რედ. მამია ფაღავა |
||
| 264 |
_aბათუმი : _bბათუმის შოთა რუსთაველის სახელმწიფო უნივერსიტეტის გამ-ბა, _c2022. |
||
| 300 |
_a1090 გვ.: _b24 სმ. |
||
| 500 | _aშემოკლებანი გვ:1090 | ||
| 501 | _aლექსიკონი გვ:1047-1089 | ||
| 600 |
_2ეძღვნება ქართველ და კავკასიელ ფოლკლორისტთა თაობების აღმზრდელს ქსენია სიხარულიძის ხსოვნას _920232 |
||
| 653 | _aქართული ზეპირსიტყვიერება | ||
| 700 |
_aფაღავა, მამია _eრედაქტორი _920233 |
||
| 710 |
_920234 _aბათუმის შოთა რუსთაველის სახელმწიფო უნივერსიტეტი |
||
| 710 |
_920235 _aჰუმანიტარულ მეცნიერებათა ფაკულტეტი, ქართული ფილოლოგიის დეპარტამენტი |
||
| 710 |
_920235 _a ქართველოლოგიის ცენტრი |
||
| 942 |
_2udc _cBK |
||